<?xml version="1.0" encoding="UTF-8"?>
<marc:record xmlns:marc="http://www.loc.gov/MARC21/slim">
   <marc:leader>00000nam a2200000 a 4500</marc:leader>
   <marc:datafield ind1="1" ind2=" " tag="100">
      <marc:subfield code="a">Kessel, Carola von</marc:subfield>
      <marc:subfield code="4">aut</marc:subfield>
      <marc:subfield code="e">Verfasser/-in</marc:subfield>
   </marc:datafield>
   <marc:datafield ind1="0" ind2="0" tag="245">
      <marc:subfield code="a">Mein erstes Fahrrad</marc:subfield>
   </marc:datafield>
   <marc:datafield ind1=" " ind2="1" tag="264">
      <marc:subfield code="b">Ravensburger Verlag </marc:subfield>
      <marc:subfield code="c">2026</marc:subfield>
   </marc:datafield>
   <marc:datafield ind1="1" ind2=" " tag="490">
      <marc:subfield code="a">Wieso?Weshalb?Warum?junior</marc:subfield>
   </marc:datafield>
   <marc:datafield ind1="1" ind2=" " tag="520">
      <marc:subfield code="a">Wie lerne ich Fahrrad fahren? Warum brauche ich einen Helm? Was passiert, wenn ich hinfalle? Dieses Buch begleitet Kinder beim Radfahren-Lernen. Es richtet sich sowohl an solche, die bereits Laufrad fahren können, als auch an völlige Neulinge auf dem Rad. Vom Aussuchen des Rads und Helms, über das Üben von Aufsteigen, Anfahren und Bremsen bis zu Slalom-Parcours und ersten Abenteuern im Park...</marc:subfield>
   </marc:datafield>
   <marc:datafield ind1=" " ind2=" " tag="020">
      <marc:subfield code="a">9783473600830</marc:subfield>
      <marc:subfield code="9">9783473600830</marc:subfield>
   </marc:datafield>
</marc:record>
